| 000 | 00811nam a22002057a 4500 | ||
|---|---|---|---|
| 999 |
_c18372 _d18372 |
||
| 003 | AR-CdUCM | ||
| 008 | 190513b ||||| |||| 00| 0 spa d | ||
| 040 |
_aMUNICIPALIDAD PROVINCIAL DEL CUSCO _cBIBLIOTECA MUNICIPAL DEL CUSCO |
||
| 082 |
_a396.980 / _bV76 |
||
| 100 |
_aVitale, Luis _938916 |
||
| 245 | _aHistoria y sociología de la mujer latinoamericana / | ||
| 260 |
_aBarcelona : _bFontamara, _c1981. |
||
| 300 |
_a122 páginas ; _c20 cm. |
||
| 505 | _aContenido: El papel de la mujer en las comunidades indígenas antes de la conquista española -- Las formas de explotación y opresión de la mujer durante la época colonial y republicana... | ||
| 650 |
_aMujer _9143 |
||
| 650 |
_aFeminismo _94003 |
||
| 650 |
_aLa condición de la mujer _938917 |
||
| 942 |
_2ddc _cLIBROS |
||
| 945 |
_adavv _d2019-05-13 |
||